Welcome to... personal computers

Lesson 1. Getting to know your computer, Lesson 2. Using Software to Put your Computer to Work,..., Lesson 34. Where to find additional information.

Na minha lista:
Detalhes bibliográficos
Autor principal: Jamsa, Kris A.
Formato: Livro
Idioma:Undetermined
Publicado em: New York MIS:Press 1995
Assuntos:
Tags: Adicionar Tag
Sem tags, seja o primeiro a adicionar uma tag!
Thư viện lưu trữ: Trung tâm Học liệu Trường Đại học Cần Thơ
LEADER 00645nam a2200193Ia 4500
001 CTU_226193
008 210402s9999 xx 000 0 und d
082 |a 004.165 
082 |b J32 
100 |a Jamsa, Kris A. 
245 0 |a Welcome to... personal computers 
245 0 |c Kris A. Jamsa 
260 |a New York 
260 |b MIS:Press 
260 |c 1995 
520 |a Lesson 1. Getting to know your computer, Lesson 2. Using Software to Put your Computer to Work,..., Lesson 34. Where to find additional information. 
650 |a Máy vi tính,Microcomputers 
910 |b nthai 
980 |a Trung tâm Học liệu Trường Đại học Cần Thơ